| 000 | 01103nam a22002297a 4500 | ||
|---|---|---|---|
| 008 | 170506s2001 gw||||| |||| 00| 0 eng d | ||
| 020 | _a3775710957 | ||
| 082 | 0 | 4 |
_a708 _bB327h |
| 100 | 1 |
_aBasualdo, Carlos. _95785 |
|
| 245 | 1 | 0 |
_aHélio Oiticica : _bquasi-cinemas / _ccuraduría por Carlos Basualdo. |
| 250 | _a1a ed. | ||
| 260 |
_aAlemania : _bKölnischer Kunstverein; New Museum of Contemporary Art, Wexner Center for the Arts, _c2001. |
||
| 300 |
_a160 p. _bil. col. |
||
| 500 | _aCatálogo publicado con motivo a la exposición "Hélio Oiticica: Quasi-cinemas", presentada en: -Wexner Center for the Arts, del 18 de setiembre al 30 de diciembre de 2001 -Kölnischer Kunstverein, del 16 de febrero al 7 de abril de 2002 -Whitechapel Gallery, del 27 de abril al 23 de junio de 2002 -New Museum of Contemporary Art, del 25 de julio al 5 de octubre del 2002. | ||
| 653 | 1 | 0 | _aArte contemporáneo |
| 653 | 1 | 0 | _aCatálogo de exhibición |
| 653 | 1 | 0 | _aExhibición itinerante |
| 653 | 1 | 0 | _aArtistas plásticos |
| 653 | 1 | 0 | _aArte - Brasil |
| 653 | 1 | 0 | _aInstalación |
| 653 | 1 | 0 | _aArte Latinoamericano |
| 999 |
_c1179 _d1179 |
||